Libro

Historia ideológica y poder social

Guardado en:
Detalles Bibliográficos
Autor principal: Biagini, Hugo E
Formato: Libro
Idioma:español
Publicado: Buenos Aires : Centro Editor de América latina, 1992
Materias:

MARC

LEADER 00000nam#a2200000#a#4500
001 001406
005 20160721142011.0
008 950714s1992####ag##################spa#d
020 |a 9502523679 
020 |a 9502523687 
020 |a 9502523695 
040 |a AR-BeUNQ 
099 |a 01-B8 
100 1 |a Biagini, Hugo E 
245 0 2 |a Historia ideológica y poder social  |c Hugo E. Biagini. 
260 |a Buenos Aires :  |b Centro Editor de América latina,  |c 1992 
505 0 |a v.2: 11833 
650 7 |a MODERNIZACION  |2 spines 
650 7 |a CAMBIO SOCIOCULTURAL  |2 spines 
650 7 |a CAMBIO TECNOLOGICO  |2 spines 
650 7 |a PODER SOCIAL  |2 spines 
650 7 |a LIBERALISMO  |2 spines 
650 7 |a SISTEMAS POLITICOS  |2 spines 
650 7 |a IDEOLOGIAS  |2 spines 
650 7 |a DOCTRINAS POLITICAS  |2 spines 
650 7 |a HISTORIA CONTEMPORANEA  |2 spines 
651 7 |a ARGENTINA  |2 Spines 
929 |a COMPRA  |b Centro Editor de América Latina  |c Exp. 827-0465/95  |d 3,33  |e 19950714  |j 11833 
942 |c LIB  |n 0 
999 |c 4207  |d 79594